| 000 | 00648nam a2200157 a 4500 | ||
|---|---|---|---|
| 001 | 000038382 | ||
| 005 | 20201002031237.0 | ||
| 008 | 110419s1990 dr abc 000 0 spa d | ||
| 040 |
_aDO-SdBNP _bspa _cBNPHU |
||
| 082 |
_axxx _bxxx |
||
| 245 | 0 | 0 |
_aEvaluación de los recursos naturales en la Sierra Martín García y Bahía de Neiba / _cprólogo Ivonne García. |
| 260 |
_aSanto Domingo : _bSecretaría de Estado de Agricultura _bServicio Alemán de Cooperación, _c1990. |
||
| 300 |
_a88 p. ; : _bil., mapas, retrs. ; _c21 cm. |
||
| 700 | 1 |
_aGarcía, Ivonne _epról. _964732 |
|
| 710 | 1 |
_aRepública Dominicana _bSecretaría de Estado de Agricultura _917769 |
|
| 999 |
_c37872 _d37872 |
||